000 00273nam a2200097Ia 4500
001 1229352
005 20250827093059.0
008 250824s9999 xx 000 0 und d
245 0 _aYAŞADIKLARIM VE DÜŞLEDİKLERİM
_cGÜLTEN DAYIOĞLU
260 _bALTIN KİTAPLAR YAYINLARI
999 _c1229352
_d1229352